Guess The (Linkin Park) Song BY The First 2 Words - Statistics

General Stats
  • This quiz has been taken 100 times
  • The average score is 4 of 7
Answer Stats
Hint Answer % Correct
It Starts In The End
99%
Crawling In Crawling
98%
I Am Faint
63%
Forfeit The Points of Authority
63%
I Cannot One Step Closer
35%
Nothing Ever Figure. 09
31%
I Dont From the Inside
17%
No matching quizzes found
Score Distribution
Percent of People with Each Score
Percentile by Number Answered
Your Score History
You have not taken this quiz